000 04935nam a22018135 4500
003 PE-LiUPU
005 20250813165550.0
008 210425n 000 0 eng u
020 _a9788491130116
035 _a(Sirsi) a252849
040 _aPE-LiUPU
_bspa
_cPE-LiUPU
_erda
041 1 _aPRUA
080 _a610.73072
_bG83
_221
100 1 _aGrove, Susan K.,
_eautor
245 1 0 _aInvestigación en enfermería :
_bDesarrollo de la práctica enfermera basada en la evidencia /
_cPor Susan K. Grove, Jennifer R. Gray y Nancy Burns.
250 _aSexta edición.
264 1 _a[Madrid] :
_bElsevier,
_c2019
300 _a582 páginas :
_bilustraciones ;
_c21 centímetros
336 _atext
_2rdacontent
337 _asin mediación
_2rdamedia
500 _aUnderstanding nursing research. Building an evidence-based practice.
505 1 _aIntroducción a la investigación en enfermería y a la práctica basada en la evidencia -- Introducción al proceso de investigación cuantitativa -- Introducción al proceso de investigación cualitativa -- Ética de la investigación en enfermería -- Problemas, objetivos e hipótesis de investigación -- Revisión de la literatura científica sobre los estudios publicados -- Comprensión de la teoría y estructuras de investigación -- Clarificación de los diseños de investigación cuantitativos -- Examen de poblaciones y muestras en investigación -- Aclaración de las mediciones y de la recogida de datos en la investigación cuantitativa -- Nociones de estadística en investigación -- Evaluación crítica de la investigación cuantitativa y cualitativa para la práctica de la enfermería -- Ejercicio de la enfermería basado en la evidencia -- Introducción a la investigación de resultados.
526 _aP203
526 _aP200
526 _aSEG65
526 _aSEG64
526 _aSEG63
526 _aSEG62
526 _aSEG61
526 _aSEG60
526 _aSEG59
526 _aSEG58
526 _aSEG57
526 _aSEG56
526 _aSEG55
526 _aSEG54
526 _aSEG53
526 _aSEG52
526 _aSEG51
526 _aSEG50
526 _aSEG49
526 _aSEG48
526 _aSEG47
526 _aSEG46
526 _aSEG24
526 _aSEG23
526 _aSEG22
526 _aSEG21
526 _aSEG20
526 _aSEG19
526 _aSEG18
526 _aSEG17
526 _aSEG16
526 _aSEG14
526 _aSEG13
526 _aSEG12
526 _aSEG11
526 _aSEG10
526 _aSEG09
526 _aSEG06
526 _aSEG05
526 _aSEG04
526 _aSEG03
526 _aSEG02
526 _aSEG68
526 _aSEG66
526 _aSEG45
526 _aSEG25
526 _aSEG01
526 _aP163
526 _aP162
526 _aP161
526 _aP160
526 _aP159
526 _aP158
526 _aP157
526 _aP156
526 _aP155
526 _aP154
526 _aP153
526 _aP152
526 _aP151
526 _aP150
526 _aP149
526 _aP142
526 _aP141
526 _aP140
526 _aP139
526 _aP138
526 _aP137
526 _aP132
526 _aP131
526 _aP130
526 _aP126
526 _aP125
526 _aP124
526 _aP123
526 _aP115
526 _aP122
526 _aP121
526 _aP116
526 _a P114
526 _aP112
526 _aP111
526 _aP104
526 _aP103
526 _aP102
526 _aP101
526 _aP100
526 _aP96
526 _aP95
526 _aP93
526 _aP92
526 _aP91
526 _aP88
526 _aP83
526 _aP82
526 _aP79
526 _aP78
526 _aP75
526 _aP74
526 _aP71
526 _aP69
526 _a P51
526 _aP49
526 _aP48
526 _aP47
526 _aP33
526 _aP31
526 _a P30
526 _aP29
526 _aP27
526 _aP26
526 _aP25
526 _aP24
526 _a P22
526 _aP10
526 _aP09
526 _a P08
526 _aP06
526 _aP05
526 _aP04
526 _aP01
650 0 4 _aInvestigación en Enfermería
_2embne
650 0 4 _aAtención de Enfermería
_2embne
650 0 4 _aEnfermería Basada en la Evidencia
_2embne
700 1 _aGray, Jennifer R.,
_ecoautor.
700 1 _aBurns, Nancy,
_ecoautor.
598 _aCATALOGING
596 _a1
942 _2ddc
_cBOOK
949 _a610.73072 G83
_wDEWEY
_c1
_i70854
_lPGS
_mBC
_p41.00
_r0
_sY
_tLIBRO
_u2021-04-20
_xPosgrado
_zEnfermería
_o.STAFF. Colección General
999 _a610.73072 G83
_wDEWEY
_c32050
_i70854
_f2022-6-8
_g1
_lCCODEBUL1
_mBUL
_r0
_sY
_tBOOK
_u2021-4-25
_xSALUD
_PP69
_0COMPRA
_d32050
980 _81
_gALBERTO SANCHEZ Responsable de Automatización